Music Quiz

Random Music or Year Quiz

Multiple UK #1s In One Year Quiz Stats

Quiz not verified by Sporcle

Challenge
Share
Tweet
Embed
Score 0/114 Timer 10:00
0 Plays Today
Year Artist % Correct
63, 64, 65, 66, 67, 68, 69The Beatles
94.1%
59, 61, 62, 05Elvis Presley
86.3%
86, 87, 00Madonna
80.4%
93, 94, 95Take That
77.8%
64, 65The Rolling Stones
77.1%
95Michael Jackson
76.5%
84, 86, 96George Michael/Wham!
75.8%
96, 97, 98Spice Girls
74.5%
59, 60, 63Cliff Richard
73.2%
76, 77, 80ABBA
63.4%
01Robbie Williams
62.7%
99, 00, 01, 02Westlife
60.8%
96, 98, 99Boyzone
58.8%
11Rihanna
57.5%
91Queen
55.6%
89Kylie Minogue
52.3%
05Oasis
52.3%
64Cilla Black
51.6%
72, 73Slade
49.7%
00, 02Eminem
49.7%
81John Lennon
49%
00, 04Britney Spears
48.4%
04U2
48.4%
09, 10Lady Gaga
47.7%
59, 60, 62, 63The Shadows
43.8%
07Leona Lewis
42.5%
71, 72T. Rex
38.6%
79The Police
37.3%
01S Club 7
37.3%
87, 88Pet Shop Boys
35.9%
80, 82The Jam
34.6%
84Frankie Goes to Hollywood
34.6%
14Calvin Harris
34.6%
98, 00All Saints
34%
02Will Young
34%
79, 80Blondie
33.3%
02, 07Sugababes
32.7%
14, 15Sam Smith
32.7%
Year Artist % Correct
89Jason Donovan
31.4%
01Blue
30.7%
09The Black Eyed Peas
30.7%
81Adam & The Ants
30.1%
78Olivia Newton-John
29.4%
55Jimmy Young
28.8%
81Shakin' Stevens
28.1%
98B*Witched
28.1%
00Craig David
28.1%
02Gareth Gates
28.1%
04Usher
28.1%
73Donny Osmond
27.5%
01Atomic Kitten
26.8%
15Justin Bieber
26.3%
63Gerry & The Pacemakers
26.1%
74, 75Mud
26.1%
09David Guetta
26.1%
11Bruno Mars
26.1%
14Cheryl Cole
25%
89Jive Bunny & The Mastermixers
24.8%
73Gary Glitter
23.5%
78Boney M
23.5%
99Geri Halliwell
23.5%
78John Travolta
22.2%
95Robson & Jerome
22.2%
04, 05, 06McFly
22.2%
01Hear'Say
21.6%
75Bay City Rollers
20.3%
82Bucks' Fizz
20.3%
03, 04Busted
20.3%
00Melanie C
19%
09, 10JLS
18.3%
11Olly Murs
17.6%
14Ed Sheeran
17.6%
61The Everly Brothers
17%
73Wizzard
17%
01Shaggy
17%
53Frankie Laine
16.3%
Year Artist % Correct
96Peter Andre
16.3%
98Aqua
15.7%
64Roy Orbison
13.7%
95The Outhere Brothers
13.7%
96The Prodigy
13.7%
15Jess Glynne
13.2%
09Pixie Lott
12.4%
96The Fugees
11.8%
00A1
11.8%
05The Pussycat Dolls
11.8%
58Connie Francis
11.1%
67Englebert Humperdinck
11.1%
09Dizzee Rascal
11.1%
13Miley Cyrus
11.1%
98Billie
10.5%
99The Vengaboys
10.5%
79Gary Numan
9.8%
77David Soul
9.2%
07Timbaland
9.2%
10Tinie Tempah
8.5%
53, 57Guy Mitchell
7.8%
65The Seekers
7.8%
55Dickey Valentine
7.2%
64The Searchers
7.2%
59Bobby Darin
6.5%
01Bob the Builder
6.5%
53Eddie Fisher
5.9%
57Lonnie Donegan
5.2%
62, 63Franki Ifield
5.2%
66The Spencer Davis Group
5.2%
14Ariana Grande
5.2%
61Helen Shapiro
4.6%
59Russ Conway
3.9%
09Tinchy Stryder
3.9%
60Anthony Newley
2.6%
10Roll Deep
2.6%
11Example
2%
14Sigma
2%

You're not logged in!

Compare scores with friends on all Sporcle quizzes.
Sign Up with Email
OR
Log In

You Might Also Like...

Show Comments

Extras

Top Quizzes Today


Score Distribution

Your Account Isn't Verified!

In order to create a playlist on Sporcle, you need to verify the email address you used during registration. Go to your Sporcle Settings to finish the process.